000 00360nam a2200133 i 4500
001 bg
100 1 _aOCHĘDUSZKO, Kazimierz
245 0 _aKoła zębate w przystępnym zarysie.
_nT. 2,
_pWykonanie i montaż /
_cKazimierz Ochęduszko.
260 _aWarszawa,
_c1951.
040 _cBPK
041 _apol
942 _cKS
008 s pl f |000 0 pol
999 _c7056
_d7056
856 _uhttp://koha.tu.koszalin.pl/cgi-bin/koha/opac-detail.pl?biblionumber=7056
_yKatalog online BPK